Normal view
MARC view
Entry Personal Name
001 - CONTROL NUMBER
- control field: 43763
003 - CONTROL NUMBER IDENTIFIER
- control field: ARRUPE
005 - DATE AND TIME OF LATEST TRANSACTION
- control field: 20181204103226.0
008 - FIXED-LENGTH DATA ELEMENTS
- fixed length control field: 181204|| aca||aabn | a|a d
040 ## - CATALOGING SOURCE
- Original cataloging agency: ARRUPE
- Transcribing agency: ARRUPE
100 ## - HEADING--PERSONAL NAME
- Personal name: James, David,
- Dates associated with a name: 1966-
- Relator term: editor.
670 ## - SOURCE DATA FOUND
- Source citation: Work cat.: (ARRUPE)0: The Cambridge companion to Fichte /, 2016